Applied calculus / (Record no. 173194)

000 -LEADER
fixed length control field 01290cam a2200337 a 4500
001 - CONTROL NUMBER
control field 14095065
003 - CONTROL NUMBER IDENTIFIER
control field Nust
005 - DATE AND TIME OF LATEST TRANSACTION
control field 20210916113538.0
008 - FIXED-LENGTH DATA ELEMENTS--GENERAL INFORMATION
fixed length control field 050901s2006 njua 001 0 eng
010 ## - LIBRARY OF CONGRESS CONTROL NUMBER
LC control number 2005054226
020 ## - INTERNATIONAL STANDARD BOOK NUMBER
International Standard Book Number 9780470505892
035 ## - SYSTEM CONTROL NUMBER
System control number (OCoLC)ocm61463870
038 ## - RECORD CONTENT LICENSOR
Staff Name khadija
040 ## - CATALOGING SOURCE
Original cataloging agency DLC
Transcribing agency DLC
Modifying agency YDX
-- BAKER
-- DLC
050 00 - LIBRARY OF CONGRESS CALL NUMBER
Classification number QA303.2
Item number .A66 2010
082 00 - DEWEY DECIMAL CLASSIFICATION NUMBER
Classification number 515 APP
Edition number 22
100 ## - MAIN ENTRY--PERSONAL NAME
Personal name Hughes-Hallett, Deborah.
9 (RLIN) 82484
245 00 - TITLE STATEMENT
Title Applied calculus /
Statement of responsibility, etc. Hughes-Hallett, Deborah.
250 ## - EDITION STATEMENT
Edition statement 3rd ed.
Remainder of edition statement Deborah Hughes-Hallett ... [et al.], with the assistance of Otto K. Bretscher ... [et al.].
260 ## - PUBLICATION, DISTRIBUTION, ETC.
Place of publication, distribution, etc. Hoboken, NJ :
Name of publisher, distributor, etc. Wiley,
Date of publication, distribution, etc. c2006.
300 ## - PHYSICAL DESCRIPTION
Extent xx, 506 p. :
Other physical details ill. ;
Dimensions 27 cm.
500 ## - GENERAL NOTE
General note Includes index.
563 ## - BINDING INFORMATION
Binding note paperback
650 #0 - SUBJECT ADDED ENTRY--TOPICAL TERM
Topical term or geographic name entry element Calculus
Form subdivision Textbooks.
9 (RLIN) 4507
700 1# - ADDED ENTRY--PERSONAL NAME
Personal name Hughes-Hallett, Deborah.
9 (RLIN) 82485
856 41 - ELECTRONIC LOCATION AND ACCESS
Materials specified Table of contents only
Uniform Resource Identifier <a href="http://www.loc.gov/catdir/toc/fy0612/2005054226.html">http://www.loc.gov/catdir/toc/fy0612/2005054226.html</a>
856 42 - ELECTRONIC LOCATION AND ACCESS
Materials specified Publisher description
Uniform Resource Identifier <a href="http://www.loc.gov/catdir/enhancements/fy0625/2005054226-d.html">http://www.loc.gov/catdir/enhancements/fy0625/2005054226-d.html</a>
906 ## - LOCAL DATA ELEMENT F, LDF (RLIN)
a 7
b cbc
c orignew
d 1
e ocip
f 20
g y-gencatlg
942 ## - ADDED ENTRY ELEMENTS (KOHA)
Source of classification or shelving scheme
Koha item type Book
Holdings
Withdrawn status Lost status Source of classification or shelving scheme Damaged status Not for loan Permanent Location Current Location Shelving location Date acquired Full call number Barcode Date last seen Price effective from Koha item type Public note
          School of Mechanical & Manufacturing Engineering (SMME) School of Mechanical & Manufacturing Engineering (SMME) General Stacks 01/19/2017 515 APP SMME-1132 03/28/2018 01/19/2017 Book Rack,48-Shelf,4
© 2023 Central Library, National University of Sciences and Technology. All Rights Reserved.